• 首页
  • 本馆介绍
  • 公告通知
  • 最新文献
  • 馆藏检索
  • 电子资源
  • 读者导购
  • 参考咨询
  • 我的图书馆
  • 登录
  • 详细信息显示
  • 放入我的书架
  • 预约/预借图书
  • 作者相关作品
  • 分类相关作品
  • 丛书相关作品
  • 出版社相关作品

书目信息

  • 表格格式
  • 工作单格式
  • 卡片格式
题名:
城市水文学
    
 
作者: 王文鑫 , 徐义萍 , 拜存有 主编
分册:  
出版信息: 成都   西南交通大学出版社  2017.01
页数: 218页
开本: 26cm
丛书名:
单 册:
中图分类: P33
科图分类:
主题词: 城市--水文学--高等职业教育--教材
电子资源:
ISBN: 978-7-5643-5151-9
000 01088nam0 2200253 450
001 200
005 20180921135234.05
010    @a978-7-5643-5151-9@dCNY35.00
100    @a20170427d2017 em y0chiy50 ea
101 0  @achi
102    @aCN@b510000
105    @aa z 000yy
200 1  @a城市水文学@9cheng shi shui wen xue@f王文鑫,徐义萍,拜存有主编
210    @a成都@c西南交通大学出版社@d2017.01
215    @a218页@c图@d26cm
300    @a高等职业院校水务管理专业“十三五”规划教材
330    @a本书基于“任务化”的教学培养模式,以水文勘测工,水资源工程师的工作方向为导向进行编写,共分为城市水文学基础、城市水文分析计算、城市水污染防治和水环境治理规划三个模块。内容包括城市水文学的基本概念、基本的水文学原理、水文要素的定量计算方法、主要水文气象要素的观测设备和观测方法、水文气象资料的形式和收集途径、频率适线法、简单直线相关法等。
606 0  @a城市@x水文学@x高等职业教育@j教材
690    @aP33@v5
701  0 @a王文鑫@9wang wen xin@4主编
701  0 @a徐义萍@9xu yi ping@4主编
701  0 @a拜存有@9bai cun you@4主编
801  0 @aCN@b91MARC@c20170427
905    @aMuseLib@dP33@e122
    
    城市水文学/王文鑫,徐义萍,拜存有主编.-成都:西南交通大学出版社,2017.01
    218页:图;26cm
    高等职业院校水务管理专业“十三五”规划教材
    
    ISBN 978-7-5643-5151-9:CNY35.00
    本书基于“任务化”的教学培养模式,以水文勘测工,水资源工程师的工作方向为导向进行编写,共分为城市水文学基础、城市水文分析计算、城市水污染防治和水环境治理规划三个模块。内容包括城市水文学的基本概念、基本的水文学原理、水文要素的定量计算方法、主要水文气象要素的观测设备和观测方法、水文气象资料的形式和收集途径、频率适线法、简单直线相关法等。
●
相关链接 在E读中查询图书 在五车中查询图书 在当当中查询图书 在豆瓣中查询图书


正题名:城市水文学     索取号:P33/122         预约/预借

序号 登录号 条形码 馆藏地/架位号 状态 备注
1 1118734   211187348   第二样本阅览室/ [索取号:P33/122] 在馆    
2 1118735   211187357   第三借阅区/ [索取号:P33/122] 在馆    
3 1118736   211187366   第三借阅区/ [索取号:P33/122] 在馆    
4 1118737   211187375   第三借阅区/ [索取号:P33/122] 在馆    
5 1118738   211187384   第三借阅区/ [索取号:P33/122] 在馆    
唐山师范学院图书馆 欢迎您!
大连网信软件有限公司© 版权所有